Escola Normal : butlletí de l'Escola Normal de la Generalitat butlletí de l'Escola Normal de la Generalitat
Descripción Física:
2 volums : periodicitat mensual ; 22 cm
Materias:
Escola Normal de la Generalitat
; Catalunya. -- Generalitat -- Revistes
; Mestres -- Educació (Educació permanent) -- Catalunya
; Mestres -- Educació (Educació permanent) -- Catalunya -- Revistes
Idioma:
Catalán
MARC
| LEADER | 00000nas a2200000 a 4500 | ||
|---|---|---|---|
| 003 | Arxiu | ||
| 005 | 20260324181508.0 | ||
| 008 | 160829d19331936spcmrxp s cat c | ||
| 040 | |a AGDB | ||
| 080 | |a Revistes | ||
| 245 | 0 | 0 | |a Escola Normal : |b butlletí de l'Escola Normal de la Generalitat |
| 260 | |a [Barcelona : |b Escola Normal, |c 1933-1936 | ||
| 300 | |a 2 volums : |b periodicitat mensual ; |c 22 cm | ||
| 310 | |a Mensual | ||
| 362 | |a Any 1, núm. 1 (gen. 1933)- | ||
| 590 | |a Mensual. | ||
| 590 | |a Descripció basada en: Any 1, núm. 2 (feb. 1933) | ||
| 610 | 2 | 0 | |9 56511 |a Escola Normal de la Generalitat |
| 610 | 1 | 0 | |9 56400 |a Catalunya. |b Generalitat |v Revistes |
| 650 | 0 | |a Mestres |9 22005 |x Educació (Educació permanent) |z Catalunya | |
| 650 | 0 | |a Mestres |9 56512 |x Educació (Educació permanent) |z Catalunya |v Revistes | |
| 710 | 2 | |9 56511 |a Escola Normal de la Generalitat |e entitat autora | |
| 856 | 4 | 0 | |u https://arca.bnc.cat/arcabib_pro/ca/consulta/registro.do?id=2530 |z Accés a text complet |
| 866 | |a 1933 (2, 6) | ||
| 901 | |a Arxiu | ||
| 942 | |n 1 |2 udc |c REV | ||
| 952 | |0 0 |1 0 |4 0 |6 REV2180 |7 1 |9 66466 |a Arxiu |b Arxiu |d 2023-06-07 |h Any 1, núm. 2 (febrer 1933), Any 1, núm. 6 (juny 1933) |l 0 |o Rev-2180 |p 28002 |r 2023-06-07 00:00:00 |w 2023-06-07 |y ARXIU | ||
| 999 | |c 50861 |d 50861 | ||